000 00515nam a22001817a 4500
005 20240802115527.0
010 _aENG-141134
020 _a9789390951451
_c399.00
035 _aEN-124666
037 _bDBAD
082 _a005.3
100 _aErgen, Ismail
_969282
245 _aDesign in Mataverse/
_cBy Ismail Ergen
260 _aNew Delhi
_bAllied Publishers
_c2023
270 _a1/13-14 Asaf Ali Road
_bNew Delhi
_e110002
300 _a108p,
_bill.
_c22cm(pbk)
942 _2ddc
_cEN
_h005.3
_mERG
999 _c204716
_d204716